Datum a čas kvízu
24
Celkem bodů
Celkový počet nahraných bodů na tomto kvízu bez doplňovacích otázek.
8.
Pořadí na kvízu
Konečné umístění týmu na tomto kvízu.
Zaznamenané odpovědi
| # | Otázka | Odpověď | Body | Výsledky |
|---|---|---|---|---|
| 1. | Ve čtvrtek byly zveřejněny výs... | Václav Havel, Václav Klaus, Petr Pavel | 1 | |
| 2. | Ve čtvrtek jsme si připomněli... | Myanmar (Barma) | 0 | |
| 3. | Minulý týden byl potvrzen rozc... | Katy Perry, Orlando Bloom | 1 | |
| 4. | Jak se jmenuje nově zvolený ge... | Hynek Chudárek | 0 | |
| 5. | Minulý týden jsme zažili zcela... | Boca Juniors | 0 | |
| 6. | Jedna z nejúspěšnějších filmov... | Chris Pine, William Shatner | 0 | |
| 7. | Napište český název závěrečnéh... | Pařba na třetí | 1 | |
| 8. | Seřaďte jednotlivé díly filmov... | 1B 2A 3D 4C | 0 | |
| 9. | Jak se jmenovala dcera Edwarda... | A | 1 | |
| 10. | Závěrem se podíváme blíže na H... | z hadů | 0 |